[Event "SG Schwäbisch Gmünd 1 - SK Bebenhausen 1"]
[Site "Oberliga 2019/2020"]
[Date "2020.01.19"]
[Time "10:00:00"]
[Round "6"]
[White "Pohl, Walter"]
[Black "Khadempour, Farhad"]
[WhiteElo "2040"]
[BlackElo "2107"]
[WhiteTeam "SG Schwäbisch Gmünd 1"]
[BlackTeam "SK Bebenhausen 1"]
[Board "8"]
[Result "0-1"]

1.e4 e6 2.d4 d5 3.Nc3 Bb4 4.exd5 exd5 5.Bd3 Nc6 6.a3 Ba5 7.Nge2
Nge7 8.O-O O-O 9.Bg5 f6 10.Bf4 Bf5 11.Na4 Re8 12.b4 Bb6 13.c3
{(=)} Qd7 14.Nb2 Nd8 15.Ng3 Bg6 16.a4 Ne6 17.Be3 c6 18.f4 f5
19.a5 Bc7 20.Qc2 Rf8 21.Be2 b6 22.axb6 axb6 23.Nd3 Bd6 24.Ne5
Qc7 25.Qb3 Ra7 26.c4 Bxe5 27.dxe5 d4 28.c5 Nd5 29.Bd2 bxc5 30.bxc5
Bf7 31.Qc2 g6 32.Bf3 Rxa1 33.Rxa1 Nexf4 34.Re1 Re8 35.Qc4 Rxe5
36.Qxd4 Rxe1+ 37.Bxe1 Qe7 38.Bf2 h5 39.h3 h4 40.Bxd5 hxg3 41.Bxf7+
Kxf7 42.Qxf4 {(=)} gxf2+ 43.Qxf2 Qe4 44.Qa2+ Kf6 45.Qa5 f4 46.Qd8+
Kg7 47.Qd6 Kh6 48.Kf2 Kh5 49.Qf8 Qd4+ 50.Ke2 Qe3+ 51.Kf1 Kg5
52.Qd6 Qe4 53.Kf2 Kh5 54.Qf8 Qd4+ 55.Ke2 Kg5 56.Kf1 Qd3+ 57.Kf2
Qc2+ 58.Kf3 Qd1+ 59.Kf2 Qd2+ 60.Kf1 Qe3 61.Qd6 Qe8 62.Kf2 Kf5
63.Qd3+ Kf6 64.Qd6+ Kg5 65.Kf1 Kf5 66.Qd3+ Qe4 67.Qd7+ Qe6 68.Qd3+
Ke5 69.Kf2 g5 70.Qc3+ Kf5 71.Qd3+ Kf6 72.Qd4+ Qe5 73.Qc4 Qe6
74.Qd4+ Kf5 75.Qd3+ Qe4 76.Qd7+ Kg6 77.Qd6+ Kh5 78.Qd1+ {(=)}
Kg6 79.Qd6+ Kf5 80.Qd7+ Qe6 81.Qd3+ Ke5 82.Qc3+ Ke4 83.Qc2+ Kd4
84.Kf3 Qe3+ 85.Kg4 Qg3+ 86.Kf5 Ke3 87.Qe4+ Kf2 88.Qxc6 Qxg2 89.Qd6
Qxh3+ 90.Kxg5 Qg3+ 91.Kf5 f3 92.Ke4 Qg4+ 93.Kd5 Kg2 94.c6 f2
95.Qd7 Qf3+ 96.Kd6 f1Q 0-1